000 00332nam a22001457a 4500
008 210607b ||||| |||| 00| 0 eng d
020 _a9780892030491
041 _aeng
080 _25th
_a61
082 _a61
100 _a3
101 _aSHM
245 _aEmergency Care and Transportation
_cJames D, Hackman
942 _2udc
_cBK
999 _c57990
_d57990